<?xml version="1.0" encoding="UTF-8"?><?xml-stylesheet type="text/xsl" href="static/style.xsl"?><OAI-PMH xmlns="http://www.openarchives.org/OAI/2.0/" xmlns:xsi="http://www.w3.org/2001/XMLSchema-instance" xsi:schemaLocation="http://www.openarchives.org/OAI/2.0/ http://www.openarchives.org/OAI/2.0/OAI-PMH.xsd"><responseDate>2026-04-19T06:30:49Z</responseDate><request verb="GetRecord" identifier="oai:riubu.ubu.es:10259/10341" metadataPrefix="marc">https://riubu.ubu.es/oai/request</request><GetRecord><record><header><identifier>oai:riubu.ubu.es:10259/10341</identifier><datestamp>2025-03-18T09:07:00Z</datestamp><setSpec>com_10259_5786</setSpec><setSpec>com_10259_5086</setSpec><setSpec>com_10259_2604</setSpec><setSpec>col_10259_5787</setSpec></header><metadata><record xmlns="http://www.loc.gov/MARC21/slim" xmlns:doc="http://www.lyncode.com/xoai" xmlns:xsi="http://www.w3.org/2001/XMLSchema-instance" xmlns:dcterms="http://purl.org/dc/terms/" xsi:schemaLocation="http://www.loc.gov/MARC21/slim http://www.loc.gov/standards/marcxml/schema/MARC21slim.xsd">
<leader>00925njm 22002777a 4500</leader>
<datafield tag="042" ind1=" " ind2=" ">
<subfield code="a">dc</subfield>
</datafield>
<datafield tag="720" ind1=" " ind2=" ">
<subfield code="a">Arroyo del Bosque, Rubén</subfield>
<subfield code="e">author</subfield>
</datafield>
<datafield tag="720" ind1=" " ind2=" ">
<subfield code="a">Alsasua, Roberto</subfield>
<subfield code="e">author</subfield>
</datafield>
<datafield tag="720" ind1=" " ind2=" ">
<subfield code="a">Arana, Javier</subfield>
<subfield code="e">author</subfield>
</datafield>
<datafield tag="720" ind1=" " ind2=" ">
<subfield code="a">Lapresa Ajamil, Daniel</subfield>
<subfield code="e">author</subfield>
</datafield>
<datafield tag="720" ind1=" " ind2=" ">
<subfield code="a">Anguera, María Teresa</subfield>
<subfield code="e">author</subfield>
</datafield>
<datafield tag="260" ind1=" " ind2=" ">
<subfield code="c">2022-01</subfield>
</datafield>
<datafield tag="520" ind1=" " ind2=" ">
<subfield code="a">Within the framework of observational methodology, we conducted a log-linear analysis to study efficiency in relation to players’ functional ability in wheelchair basketball by analyzing associations between the position of the last pass before a shot, a shot position, and a shot result (favorable or unfavorable). The observation sample contained all offensive sequences ending in a shot by the US men’s wheelchair basketball team, who won the gold medal at the 2016 Paralympic Games in Rio de Janeiro. Data were annotated and coded in the Lince software program and their reliability confirmed by measuring interobserver agreement using Cohen’s kappa statistics. Log-linear modeling showed that the models generated to explain offensive sequences ending in a shot by players with greater functional ability were closest to models observed for professional basketball players and were the only models to show significant effects in terms of efficiency.</subfield>
</datafield>
<datafield tag="024" ind2=" " ind1="8">
<subfield code="a">1640-5544</subfield>
</datafield>
<datafield tag="024" ind2=" " ind1="8">
<subfield code="a">http://hdl.handle.net/10259/10341</subfield>
</datafield>
<datafield tag="024" ind2=" " ind1="8">
<subfield code="a">10.2478/hukin-2022-0022</subfield>
</datafield>
<datafield tag="024" ind2=" " ind1="8">
<subfield code="a">1899-7562</subfield>
</datafield>
<datafield ind1=" " ind2=" " tag="653">
<subfield code="a">Match analysis</subfield>
</datafield>
<datafield ind1=" " ind2=" " tag="653">
<subfield code="a">US team</subfield>
</datafield>
<datafield ind1=" " ind2=" " tag="653">
<subfield code="a">Functional abilities</subfield>
</datafield>
<datafield ind1=" " ind2=" " tag="653">
<subfield code="a">Observational methodology</subfield>
</datafield>
<datafield tag="245" ind1="0" ind2="0">
<subfield code="a">A Log-Linear Analysis of Efficiency in Wheelchair Basketball According to Player Classification</subfield>
</datafield>
</record></metadata></record></GetRecord></OAI-PMH>